The Heavens We Chase / (Record no. 201585)

MARC details
000 -LEADER
fixed length control field 00489nam a2200169 4500
010 ## - LCCN (DPL NO)
LC control number ENG-139744
020 ## - INTERNATIONAL STANDARD BOOK NUMBER
International Standard Book Number 9788186939802
Terms of availability 350.00
035 ## - SYSTEM CONTROL NUMBER
System control number EN-123276
037 ## - SOURCE OF ACQUISITION
Source of stock number/acquisition DBAD
082 ## - DEWEY DECIMAL CLASSIFICATION NUMBER
Classification number N
100 ## - MAIN ENTRY--PERSONAL NAME
Personal name Shanbhogue, Lavanya
245 ## - TITLE STATEMENT
Title The Heavens We Chase /
Statement of responsibility, etc by Lavanya Shanbhogue- Arvind
260 ## - PUBLICATION, DISTRIBUTION, ETC. (IMPRINT)
Place of publication, distribution, etc New Delhi
Name of publisher, distributor, etc Roli Books Pvt.Ltd.
Date of publication, distribution, etc 2016
270 ## - ADDRESS
Address M-75 Greater Kailash II Market,
City New Delhi
Postal code 110048
300 ## - PHYSICAL DESCRIPTION
Extent 252p.
Dimensions 21cm(pbk)
942 ## - ADDED ENTRY ELEMENTS (KOHA)
Source of classification or shelving scheme Dewey Decimal Classification
Item type English Books
Classification part N
Call number suffix SHA
Holdings
Withdrawn status Lost status Not for loan Collection code Home library Current library Date acquired Source of acquisition Cost, normal purchase price Full call number Barcode Copy number Cost, replacement price Koha item type
      Fiction Ashok Vihar Ashok Vihar 19/03/2024 DBAD/PUB 350.00 N SHA EN-123276 1 350.00 English Books

© Delhi Public Library
Hit Counter
free hit counter